[Event "RSA-ch U16 Girls"]
[Site "Bloemfontein"]
[Date "2016.03.22"]
[Round "4"]
[White "Surujhlal, Kayla"]
[Black "Hoffman, Elize"]
[Result "1-0"]
[WhiteElo "1296"]
[BlackElo "1099"]
[PlyCount "116"]
[EventDate "2016.03.20"]
[EventType "swiss"]
[EventRounds "11"]
[EventCountry "RSA"]
[SourceTitle "CBM 171 Extra"]
[Source "ChessBase"]
[SourceDate "2016.04.26"]
[SourceVersion "1"]
[SourceVersionDate "2016.04.26"]
[SourceQuality "1"]

1. e4 e5 2. Nf3 Nc6 3. d4 exd4 4. Nxd4 Bc5 5. Nxc6 bxc6 6. Bd3 d6 7. 0-0 Nf6 8. Nc3 0-0 9. Bg5 Qe7 10. Qf3 Qe5 11. Bxf6 Qxf6 12. Qxf6 gxf6 13. Ne2 d5 14. Ng3 dxe4 15. Bxe4 Bb7 16. Nh5 Be7 17. f4 Rad8 18. Rad1 Rd6 19. Rfe1 Re8 20. Kh1 Red8 21. Rxd6 Rxd6 22. Bd3 Rd7 23. h3 Kf8 24. Bxh7 Rd2 25. Re3 c5 26. Rg3 Ke8 27. Bf5 Kf8 28. Rb3 Bxg2+ 29. Kg1 Bc6 30. Ra3 c4 31. Rg3 Rd1+ 32. Kf2 Rb1 33. b3 cxb3 34. axb3 Bc5+ 35. Ke2 Ke7 36. Kd3 Bb5+ 37. Kc3 a5 38. Bd3 Bb4+ 39. Kd4 c5+ 40. Kd5 Rd1 41. Re3+ Kf8 42. c4 Bd7 43. Nxf6 Bf5 44. Ne4 Bd2 45. Rf3 Bxf4 46. Nxc5 Bxd3 47. Nxd3 Bd2 48. Kc6 Ke8 49. Kb7 Be3 50. c5 Bg5 51. c6 Bd8 52. c7 Bxc7 53. Kxc7 Ke7 54. Kb6 f6 55. Kxa5 Ke6 56. h4 Kd5 57. Nf4+ Ke4 58. Ng6 f5 1-0

[Event "RSA-ch U16 Girls"]
[Site "Bloemfontein"]
[Date "2016.03.21"]
[Round "2"]
[White "Swart, Sune"]
[Black "Hoffman, Elize"]
[Result "0-1"]
[WhiteElo "1123"]
[BlackElo "1099"]
[PlyCount "48"]
[EventDate "2016.03.20"]
[EventType "swiss"]
[EventRounds "11"]
[EventCountry "RSA"]
[SourceTitle "CBM 171 Extra"]
[Source "ChessBase"]
[SourceDate "2016.04.26"]
[SourceVersion "1"]
[SourceVersionDate "2016.04.26"]
[SourceQuality "1"]

1. e4 e5 2. Nf3 Nc6 3. Bc4 Bc5 4. d3 d6 5. Nc3 Be6 6. Nd5 Nge7 7. Be3 Bb6 8. Bb3 Qd7 9. c3 f6 10. d4 Na5 11. Ba4 c6 12. Nxb6 axb6 13. d5 Bf7 14. Bxb6 Nc4 15. Qb3 Nxb6 16. Qxb6 Rxa4 17. Rd1 Rxe4+ 18. Kf1 0-0 19. Nd2 Ra4 20. Nb3 Nxd5 21. Rxd5 Bxd5 22. a3 Rfa8 23. Nc1 c5 24. c4 Bxc4+ 0-1